|
|
|
|
| LEADER |
00870nab a2200205 i 4500 |
| 001 |
tort446 |
| 005 |
20221111085226.0 |
| 008 |
221111s2022 hu o 0|| zxx d |
| 022 |
|
|
|a 0133-0500
|
| 040 |
|
|
|a PEREPO TORTENET
|b hun
|
| 041 |
|
|
|a zxx
|
| 245 |
0 |
3 |
|a Az oktatás zavartalan
|h [elektronikus dokumentum]
|
| 260 |
|
|
|a Zalai Hírlap Kiadói Bt.
|b Zalaegerszeg, Magyarország
|c 2022-10-26
|
| 300 |
|
|
|a 2
|
| 490 |
0 |
|
|a Zalai Hírlap
|v 78 No. 250
|
| 695 |
|
|
|a Pannon Egyetem Zalaegerszegi Egyetemi Központ - PE ZEK
|
| 695 |
|
|
|a Pécsi Tudományegyetem Egészségtudományi Karának Zalaegerszegi Képzési Központja PTE ETK ZKK
|
| 695 |
|
|
|a költözés
|
| 695 |
|
|
|a kollégium
|
| 856 |
4 |
0 |
|u https://perepo-tortenet.uni-pannon.hu/id/eprint/446/1/2022-10-26_zalai_h%C3%ADrlap_Az%20oktat%C3%A1s%20zavartalan%20%2878.%20%C3%A9vf.%20250.%20sz.%2C%20p.%202.%29.pdf
|z Dokumentum-elérés
|